Regions of Spain by Coat of Arms - Statistics

General Stats
  • This quiz has been taken 19 times
  • The average score is 16 of 19
Answer Stats
Picture Answer % Correct
Andalusia
100%
Aragon
94%
Asturias
94%
Catalonia
94%
Galicia
94%
Navarre
94%
Valencia
94%
Castile and Leon
88%
Balearic Islands
82%
Castilla-La Mancha
82%
Madrid
82%
Murcia
82%
Basque Country
76%
Canary Islands
76%
Extremadura
76%
La Rioja
76%
Cantabria
71%
Ceuta
71%
Melilla
71%
No matching quizzes found
Score Distribution
Percent of People with Each Score
Percentile by Number Answered
Your Score History
You have not taken this quiz